| 000 | 00432nam a22001697a 4500 | ||
|---|---|---|---|
| 003 | OSt | ||
| 008 | 240327b |||||||| |||| 00| 0 eng d | ||
| 020 | _a9789352807383 | ||
| 082 | _a658.8 RAM | ||
| 100 | _aRAMASWAMY, V. S. and NAMAKUMARI, S. | ||
| 245 | _aMarketing Management | ||
| 250 | _a6th. ed. | ||
| 260 |
_aNew Delhi _bSage Publications India Pvt Ltd _c2021 |
||
| 300 | _a798 p. | ||
| 650 | _aCommerce | ||
| 942 |
_2ddc _cBK |
||
| 999 |
_c12325 _d12325 |
||